00589nam a2200145Ia 4500008004100000020001800041041000800059082002100067100002500088245023100113250000600344260005100350300001200401650003000413210716s2013 xx 000 0 und d a9788120347052 aeng a658.3010683 KANS aKandula, Srinivas R. aCompetency-based human resource management: a complete text with case studies on competency mapping, modelling, assessing and applying.bComplete text with case studies on competency mapping, modelling, assessing and applying. a1 aNew DelhibPHI Learning private limited.c2013 axii,312 aHuman Resource Management